Strategic human resource management text and cases (Record no. 135274)

MARC details
000 -LEADER
fixed length control field 00371nam a2200145Ia 4500
008 - FIXED-LENGTH DATA ELEMENTS--GENERAL INFORMATION
fixed length control field 230917s9999||||xx |||||||||||||| ||und||
040 ## - CATALOGING SOURCE
-- 132706
Original cataloging agency VIVEKANANDA LIBRARY
041 ## - Language
-- English
082 ## - DDC NUMBER
Classification number 658.3 P886S
100 ## - MAIN ENTRY--PERSONAL NAME
Personal name Prasad, K.
245 #0 - TITLE STATEMENT
Title Strategic human resource management text and cases
260 ## - PUBLICATION, DISTRIBUTION, ETC. (IMPRINT)
Place of publication, distribution, etc New Delhi
Name of publisher, distributor, etc Macmillan
Date of publication, distribution, etc 2005
300 ## - PHYSICAL DESCRIPTION
Pages 466p p.
942 ## - ADDED ENTRY ELEMENTS (KOHA)
Koha item type Books
Holdings
Withdrawn status Lost status Damaged status Not for loan Location (home branch) Sublocation or collection (holding branch) Shelving location Date acquired Koha issues (times borrowed) Koha full call number Accession No. Koha date last seen Koha item type
        VIVEKANANDA LIBRARY VIVEKANANDA LIBRARY IMSAR Library 06/02/2010   658.3 P886S 235138 17/09/2023 Books
        VIVEKANANDA LIBRARY VIVEKANANDA LIBRARY IMSAR Library 06/02/2010 1 658.3 P886S 304168 20/03/2026 Books
        VIVEKANANDA LIBRARY VIVEKANANDA LIBRARY IMSAR Library 06/02/2010   658.3 P886S 304169 17/09/2023 Books
        VIVEKANANDA LIBRARY VIVEKANANDA LIBRARY IMSAR Library 06/02/2010   658.3 P886S 304170 17/09/2023 Books
        VIVEKANANDA LIBRARY VIVEKANANDA LIBRARY IMSAR Library 06/02/2010 1 658.3 P886S 304171 13/04/2026 Books
        VIVEKANANDA LIBRARY VIVEKANANDA LIBRARY IMSAR Library 06/02/2010   658.3 P886S 304172 17/09/2023 Books
© Designed and Maintained by Vivekananda Library, MDU Rohtak